Weapons by Description - Statistics

General Stats
  • This quiz has been taken 65 times
  • The average score is 10 of 13
Answer Stats
Description Weapon % Correct
A firearm used in western culture with a rotating barrel. Usually has six rounds. Revolver
97%
A bow that is fixed across a wooden support and has a groove for the bolt and a mechanism for drawing and releasing the string. Crossbow
91%
A long, single-edged sword used by Japanese samurai. Katana
88%
A weapon that sprays out burning fuel. Flamethrower
86%
A three-pronged spear commonly associated with the Greek God of Poseidon. Trident
86%
A machine used in medieval siege warfare for hurling large stones or other missiles. Trebuchet/Catapult
83%
A light spear thrown in a competitive sport or as a weapon. Javelin
81%
A short-range tubular rocket launcher used against tanks. (Also bubble gum.) Bazooka
79%
A swordlike stabbing blade that may be fixed to the muzzle of a rifle for use in hand-to-hand fighting. Bayonet
78%
A heavy club, typically having a metal head and spikes. Mace
74%
A broad, heavy knife used as an implement or weapon, originating in Central America and the Caribbean. Machete
71%
A weapon in the form of a star with projecting blades or points, used as a missile in some martial arts. Also known as a "ninja star". Shuriken
66%
An old-fashioned type of gun fired by a spark from a flint. Flintlock
53%
No matching quizzes found
Score Distribution
Percent of People with Each Score
Percentile by Number Answered
Your Score History
You have not taken this quiz